Cities in the Pokémon Johto Region on a Map - Statistics

General Stats
  • This quiz has been taken 665 times
    661 since last reset
  • The average score is 8 of 10
Answers on the Map
Answers color-coded by a green-red scale on the quiz's map according to % correct below.
 
Answer Stats
Answer % Correct
New Bark Town
91%
Blackthorn City
83%
Goldenrod City
82%
Ecruteak City
77%
Olivine City
77%
Azalea Town
75%
Cherrygrove City
74%
Mahogany Town
74%
Violet City
72%
Cianwood City
71%
No matching quizzes found
Score Distribution
Percent of People with Each Score
Percentile by Number Answered
Your Score History
You have not taken this quiz since the last reset